000 00418nam a22001697a 4500
999 _c11142
_d11142
003 OSt
008 220413b ||||| |||| 00| 0 eng d
020 _a978932725309
082 _a391 SOH
100 _aSODHIA, Manmmet
245 _aHistory of Fashion
250 _a3rd Edition
260 _aNew Delhi
_bKalyani Publishers
_c2015
300 _a168
650 _aHistory of Fashion ( B.F.A.D)
942 _2ddc
_cBK
_03